000
00259nam a22000977a 4500
008
240909b |||||||| |||| 00| 0 eng d
020
_a
9789359585031
100
_a
Oswaal
_9
7599
245
_a
CBSE QUESTION BANK (MATHEMATICS)-11
260
_a
New Delhi
_b
Oswaal
_c
2024
999
_c
12659
_d
12659